| 000 | 01829nam0a2200361 i 4500 | ||
|---|---|---|---|
| 001 | RU\NLR\BIBL_A\010814230 | ||
| 005 | 20260406155408.0 | ||
| 010 | _a9785971023470 | ||
| 021 |
_aRU _b2015-47470 _92825 |
||
| 035 | _a(NILC)RuMoRGB-007964061 | ||
| 035 | _a(NLR Aleph) 010814230 | ||
| 090 |
_a10216496 _c10216496 |
||
| 100 | _a20150807d2015 k y0rusy50 ca | ||
| 101 | 0 | _arus | |
| 102 | _aRU | ||
| 105 | _ay|||z|||000yb | ||
| 200 | 1 |
_aМакиавелли как политический мыслитель _eсистематическое изложение политического учения Макиавелли _eкак и при каких условиях сложились философские и политические воззрения Макиавелли _fА. С. Алексеев |
|
| 205 | _aИзд. 2-е | ||
| 210 |
_aМосква _cURSS _cЛЕНАНД _d2015 |
||
| 215 |
_aIX, 167, XXXIII с. _d22 |
||
| 225 | 1 | _aИз наследия мировой политологии | |
| 300 | _aНа 4--й с. обл. авт.: А.С. Алексеев - проф. гос. права | ||
| 320 | _aБиблиогр. в примеч.: с. I-XXXI и в подстроч. примеч. | ||
| 320 | _aДр. тр. авт. на 4-й с. обл. | ||
| 600 | 1 |
_aМакиавелли _bН. _f1469 - 1527 _gНикколо _xГосударственно-правовые взгляды _91513910 _3RU\NLR\AUTH\66657414 |
|
| 686 | 1 | _aХ1(4Ит)403 | |
| 700 | 1 |
_8rus _7ca _aАлексеев _bА. С. _cюрист _f1851-1916 _gАлександр Семенович _3RU\NLR\AUTH\7760943 _943873 |
|
| 702 | 1 |
_4570 _8rus _7ca _aМакиавелли _bН. _f1469-1527 _gНикколо _3RU\NLR\AUTH\777637 _9117570 |
|
| 801 | 0 |
_aRU _bРГБ _c20150629 _gRCR |
|
| 942 | _cBOOK | ||
| 980 | _aNBR | ||